Movies Quiz

Random Movies or Oscar Quiz

Woody Allen Directed Oscar Nominees Quiz Stats

 Plays Quiz not verified by Sporcle

Also try: Film by Conflicts
Challenge
Share
Tweet
Embed
Score 0/17 Timer 03:00
0 Plays Today
% Correct
Diane Keaton
98.6%
Cate Blanchett
96.5%
Dianne Wiest
96.5%
Penélope Cruz
94.4%
Mira Sorvino
93.1%
Michael Caine
91%
Woody Allen
91%
Judy Davis
87.5%
Jennifer Tilly
85.4%
% Correct
Mariel Hemingway
82.6%
Chazz Palminteri
81.3%
Sean Penn
81.3%
Geraldine Page
79.9%
Martin Landau
78.5%
Samantha Morton
77.8%
Sally Hawkins
75%
Maureen Stapleton
68.1%

You're not logged in!

Compare scores with friends on all Sporcle quizzes.
Join for Free
OR
Log In

You Might Also Like...

Show Comments

Extras

Top Quizzes Today


Score Distribution

Your Account Isn't Verified!

In order to create a playlist on Sporcle, you need to verify the email address you used during registration. Go to your Sporcle Settings to finish the process.

Report this User

Report this user for behavior that violates our Community Guidelines.

Details: